| 000 | 01065cam a22002533a 4500 | ||
|---|---|---|---|
| 001 | 3306 | ||
| 003 | PGUSA | ||
| 005 | 20140828083030.0 | ||
| 008 | 020701s2002||||xxu|||||s|||||000 | eng d | ||
| 040 |
_aPGUSA _beng |
||
| 042 | _adc | ||
| 050 | 4 | _aD501 | |
| 100 | 1 |
_aHargrave, John, _d1894-1982 |
|
| 245 | 1 | 0 |
_aAt Suvla Bay : _bBeing the notes and sketches of scenes, characters and adventures of the Dardanelles campaign, made by John Hargrave ("White Fox") while serving with the 32nd field ambulance, X division, Mediterranean expeditionary force, during the great war. _h[electronic resource] / _cJohn Hargrave |
| 260 |
_bProject Gutenberg, _c2002 |
||
| 506 | _aPublic domain in the USA. | ||
| 516 | _aElectronic text | ||
| 653 | _aWorld War, 1914-1918 -- Personal narratives, British | ||
| 653 | _aWorld War, 1914-1918 -- Medical care | ||
| 653 | _aWorld War, 1914-1918 -- Campaigns -- Turkey -- Gallipoli Peninsula -- Personal narratives, British | ||
| 830 | 0 |
_aProject Gutenberg _v3306 |
|
| 856 | 4 | 0 | _uhttp://www.gutenberg.org/ebooks/3306 |
| 942 | _cEB | ||
| 999 |
_c232635 _d232635 |
||